000 01030cab a2200373 4500
001 ABS56176
008 090401t1996 xxu||||| |||| 00| 0 eng d
035 _a(Sirsi) u21729
041 _aeng
245 _aFocus `96: Somerset, Devon and Cornwall
260 _c1996
350 _a0
490 _aEstates Gazette
_v(9643) 30 November 1996, 83-111(14)
650 _aBUSINESS PARKS
650 _aCLARKS VILLAGE
650 _aCONVERSIONS
650 _aCORNWALL
650 _aDEVON
650 _aEXETER
650 _aFACTORY OUTLETS
650 _aLEISURE MARKET
650 _aMULTIPLEX CINEMAS
650 _aPROPERTY-COMMERCIAL PROPERTY-OFFICE PROPERTY-OFFICE PROPERTY MARKET
650 _aOFFICES
650 _aPLYMOUTH
650 _aPROPERTY-COMMERCIAL PROPERTY-RETAIL PROPERTY-RETAIL PROPERTY MARKET
650 _aSOMERSET
650 _aTAUNTON
650 _aTOURISM
650 _aTRURO
690 _aPROPERTY-COMMERCIAL PROPERTY-COMMERCIAL PROPERTY MARKET
942 _n0
948 _c04/03/1997
999 _c14571
_d14571